Personnages Harry Potter trouvez les tous ! - Statistiques

Statistiques générales
  • Ce quiz a été pris 4 170 fois
  • Le résultat moyen est 99 sur 365
Statistiques - réponses
Indices Prenom / Nom % Correct
Principal directeur de Poudlard au cours de l'histoire de Harry Potter, fondateur de l'Ordre du Phénix Dumbledore Albus
85%
Il est l'auteur du Manuel de métamorphose à l'usage des débutants Changé Emeric G.
83%
Élève de Gryffondor, membre de l'armée de Dumbledore et ami de Harry Potter. Il devient professeur de botanique à Poudlard Londubat Neville
79%
Meilleur ami de Harry Potter, élève de Gryffondor, membre de l'armée de Dumbledore Weasley Ron
78%
Meilleure amie de Harry Potter, élève de Gryffondor, membre de l'armée de Dumbledore Granger Hermionne
77%
Élève de Serdaigle âgée d'un an de plus que Harry, attrapeuse au quidditch, membre de l'armée de Dumbledore Chang Cho
76%
Personnage apparaissant dans la pièce de théâtre Harry Potter et l'enfant maudit. Fils ainé de Ginny et de Harry Potter James Sirius
76%
Personnage apparaissant dans la pièce de théâtre Harry Potter et l'enfant maudit. Fille cadette de Harry et Ginny Potter Lily Luna
76%
Parrain de Harry Potter, maraudeur et membre de l'Ordre du phénix Black Sirius
75%
Élève de Serdaigle, membre de l'armée de Dumbledore et amie de Harry Potter Lovegood Luna
75%
Personnage apparaissant dans la pièce de théâtre Harry Potter et l'enfant maudit. Second fils de Harry et Ginny Potter Albus Severus
73%
Héros de la série du même nom Potter Harry
73%
Élève de Gryffondor, membre de l'armée de Dumbledore, elle se mariera avec Harry Weasley Ginny
72%
Élève à Serpentard, mangemort. C'est l'ennemi de Harry Potter Malefoy Drago
71%
Professeur de potions, directeur de la maison des Serpentard puis directeur à Poudlard, ancien mangemort, membre de l'Ordre du Phénix Rogue Severus
71%
Mangemort, fonctionnaire au ministère de la Magie Malefoy Lucius
69%
Élève de Gryffondor (1er avril 1978 - 2 mai 1998), membre de l'armée de Dumbledore Weasley Fred
69%
Appelé ainsi en hommage à son oncle, mort lors du combat final contre Voldemort Weasley Fred Jr.
69%
Loup-garou, maraudeur, membre de l'Ordre du Phénix décédé lors de la bataille finale de Poudlard Lupin Remus
68%
Né le 1er avril 1978, Élève de Gryffondor, membre de l'armée de Dumbledore Weasley George
68%
Élève de Poufsouffle, participant au tournoi des trois sorciers Diggory Cedric
67%
Maraudeur, ancien membre de l'Ordre du Phénix, mangemort et animagus non déclaré Pettigrow Peter / Croûtard
67%
Membre de l'Ordre du Phénix, mère de Ron Weasley Molly
67%
Élèves de Gryffondor, membres de l'armée de Dumbledore Colin
66%
Membre de la famille Black, mangemort Lestrange Bellatrix
66%
Membre de l'Ordre du Phénix, fonctionnaire au ministère de la Magie Weasley Arthur
66%
Membre de l'Ordre du Phénix et mère de Harry Potter Potter Lily
65%
Héros de la série de films dérivée Les Animaux fantastiques Dragonneau Norbert
64%
Dragon élevé dès sa naissance par Hagrid Norbert
64%
Élève de Gryffondor, membre de l'armée de Dumbledore Thomas Dean
64%
Membre de l'Ordre du Phénix, il travaille pour Gringotts et est l'aîné de la fratrie Weasley Weasley Bill
64%
Championne de l'Académie Beauxbâtons sélectionnée lors du Tournoi des Trois Sorciers Delacour Fleur
63%
Père de Voldemort Jedusor Tom Senior
63%
Membre de l'Ordre du Phénix et père de Harry Potter Potter James
63%
Elfe de maison dévoué à Harry Potter qui l'a délivré de son statut d'esclave Dobby
62%
Professeur de métamorphose à Poudlard, directrice de la maison des Gryffondor membre l'Ordre du Phénix McGonagall Minerva
62%
Membre de l'Ordre du Phénix, il étudie les dragons en Roumanie Weasley Charlie
62%
Fonctionnaire au ministère de la Magie, il est le troisième fils de la famille et est né en 1976 Weasley Percy
62%
Acromantula Aragog
61%
Mère de Drago Malefoy Malefoy Narcissa
61%
Élève de Gryffondor, membre de l'armée de Dumbledore Finnigan Seamus
58%
Élève à Durmstrang, participant au Tournoi des Trois Sorciers Krum Viktor
57%
Principal antagoniste de l'histoire, mage noir réputé invincible, chef et fondateur du gang des mangemorts Voldemort
57%
Marchand de tapis volants Bashir Ali
56%
Cousin de Harry Potter Dursley Dudley
56%
Tante de Harry Potter Dursley Pétunia
56%
Chouette de Harry Potter Hedwige
56%
Ancien directeur de Durmstrang, ancien mangemort Karkaroff Igor
56%
Elfe de maison de la famille Black Kreattur
56%
Fantôme de la maison Serpentard Baron Sanglant
55%
Centaure, professeur de divination à Poudlard Firenze
55%
Elle est un portrait de peinture, permettant l'accès à la salle commune de Gryffondor La Grosse Dame
55%
Un hippogriffe appartenant à Hagrid Buck
54%
Professeur de botanique à Poudlard, directrice de la maison des Poufsouffle Chourave Pomona
54%
L'un des quatre pères fondateurs de Poudlard qui a donné son nom à une maison Gryffondor Godric
54%
Garde-chasse, professeur de soins aux créatures magiques à Poudlard et ami de Harry Potter Hagrid Rubeus
54%
Élève de Gryffondor et poursuiveuse de l'équipe de quidditch, membre de l'armée de Dumbledore Johnson Angelina
54%
L'un des quatre pères fondateurs de Poudlard qui a donné son nom à une maison Serpentard Salazar
54%
Professeur de défense contre les forces du mal à Poudlard, il est l'auteur de plusieurs livres dont une autobiographie Lockhart Gilderoy
52%
L'un des quatre pères fondateurs de Poudlard qui a donné son nom à une maison Serdaigle Rowena
52%
C'est un moldu, il a une sœur Dursley Vernon
51%
Veuf, il élève seul sa fille depuis la mort de Madame Lovegood Lovegood Xenophilius
51%
Ancien Auror, membre de l'Ordre du Phénix Maugrey Alastor
51%
Fantôme de Gryffondor Nick Quasi-sans-tête / Sir Nicholas
51%
Membre de l'Ordre du Phénix Tonks Nymphadora
51%
Fantôme de Serdaigle La Dame Grise / Helena Serdaigle
50%
Ex-Aurors connus et appréciés qui faisaient partie du premier Ordre du Phénix, mère de Neville Londubat Alice
50%
Fonctionnaire au ministère de la Magie Ombrage Dolores
50%
L'un des quatre pères fondateurs de Poudlard qui a donné son nom à une maison Poufsouffle Helga
50%
Il possède une carte de Chocogrenouille à son effigie Aggripa Cornelius
49%
Élève de Gryffondor, membre de l'armée de Dumbledore, poursuiveuse dans l'équipe de Gryffondor Bell Katie
49%
Chien de Hagrid Crockdur
49%
Élève de Gryffondor, ancien gardien et capitaine de l'équipe de quidditch de Gryffondor Dubois Olivier
49%
Membre de l'Ordre du phénix, barman de la Tête de sanglier, à Pré-au-Lard Dumbledore Abelforth
49%
Il est un sorcier qui fait partie des « mages noirs les plus dangereux de tous les temps » Grindelwald Gellert
49%
chat en partie « fléreur » de Hermione Granger Pattenrond
49%
Chauffeur du Magicobus Danlmur Ernie
48%
Elle fut sauvée du Lac Noir par Harry Potter lors de la deuxième tache du tournoi des 3 sorciers Delacour Gabrielle
48%
Professeur de sortilèges à Poudlard, directeur de la maison des Serdaigle Flitwick Filius
48%
Fille aînée de Ron et d'Hermione Granger-Weasley Rose
48%
Élève de Poufsouffle, membre de l'armée de Dumbledore Macmillan Ernie
48%
Issue d'une famille de sang pur Parkinson Pansy
48%
Jardinier de la maison des Jedusor Bryce Frank
47%
Ex-Aurors connus et appréciés qui faisaient partie du premier Ordre du Phénix, père de Neville Londubat Frank
47%
Concierge de Poudlard. C’est un vieil homme aux yeux globuleux et brillant comme des lampes Rusard Argus
47%
Professeur de potions à Poudlard, fondateur du club de Slug Slughorn Horace
47%
Élève de Poufsouffle, membre de l'armée de Dumbledore Abbot Hannah
46%
Il est un alchimiste travaillant en étroite collaboration avec Albus Dumbledore. Il a découvert le secret de fabrication de la pierre philosophale Flamel Nicolas
46%
Employé du ministère de la Magie et membre de l'Ordre du Phénix Shacklebolt Kingsley
46%
Ne maîtrisant pas ses pouvoirs magiques après avoir été traumatisée par trois jeunes Moldus lorsqu'elle avait six ans, elle fut cachée par sa mère, pour ne pas être envoyée à l'hôpital Sainte-Mangouste Dumbledore Ariana
45%
Loup-garou, allié des mangemorts Greyback Fenrir
45%
Élève de Serdaigle, membre de l'armée de Dumbledore Patil Padma
45%
Appelée « tante Marge », elle est une moldue Dursley Marjorie
44%
Gobelin employé chez Gringotts Gripsec
44%
Élève de Gryffondor, membre de l'armée de Dumbledore et meilleur ami de Fred et George Weasley Jordan Lee
44%
Élève de Serdaigle, membre de l'armée de Dumbledore Patil Parvati
44%
Esprit frappeur, Poltergeist Peeves
44%
Fils cadet de Ron et d'Hermione Granger-Weasley Hugo
43%
Directrice de l'Académie de Magie de Beauxbâtons Maxime Olympe
43%
Serpent appartenant à Voldemort et horcruxe de ce dernier dans les années 1990 Nagini
43%
Sorcier d'ascendance moldue Tonks Ted
43%
Élève de Gryffondor, membre de l'armée de Dumbledore Brown Lavande
42%
Mangemort Crabbe Sr.
42%
Mangemort, il prétendit avoir été soumis au sortilège de l'Imperium, il participa à la cérémonie de renaissance de Voldemort Goyle
42%
Chouette de la famille Weasley Errol
41%
Géant, demi-frère de Hagrid Graup
41%
Toujours joyeux c'est le fantôme attitré de Poufsouffle Le Moine Gras
41%
Personnage apparaissant dans la pièce de théâtre Harry Potter et l'enfant maudit, Fils de Drago Malefoy Malefoy Scorpius
41%
Professeur de divination à Poudlard Trelawney Sibylle
41%
Elfe de maison de la famille Croupton Winky
41%
Il tient une boutique dans l’Allée des Embrumes Barjow
40%
Professeur de vol sur balai magique pour les premières années et arbitre de quidditch à Poudlard Bibine Renée
40%
Élève de Serpentard Crabbe Vincent
40%
Phénix de Dumbledore Fumseck
40%
Chatte de Rusard Miss Teigne
40%
Elle est infirmière à Poudlard Pomfresh Poppy
40%
Reporter pour la Gazette du Sorcier Skeeter Rita
40%
Chien à trois têtes appartenant à Hagrid Touffu
40%
Il est né vers avril 1998. C'est un métamorphomage, comme sa mère, mais qui n'a pas hérité de la lycanthropie de son père Lupin Teddy
39%
Voisine de la famille Dumbledore dans sa jeunesse Tourdesac Bathilda
39%
Élève de Serpentard, de la même année que Harry, fils d'une célèbre sorcière connue pour avoir été mariée sept fois Zabini Blaise
39%
Élèves de Gryffondor, membres de l'armée de Dumbledore Dennis
38%
Ami de Drago Malefoy, élève de Serpentard Goyle Gregory
38%
Contrôleur du Magicobus, mangemort Rocade Stan
38%
Boursouflet de Ginny Arnold
37%
Employé du ministère de la Magie, membre de la Brigade de réparation des accidents de sorcellerie Bondupois Arnold
37%
Hibou de Ron Coquecigrue
37%
Fonctionnaire au ministère de la Magie Diggory Amos
37%
Personnage apparaissant dans le film Les Animaux fantastiques : Les Crimes de Grindelwald Guzman Arnold
37%
Fantôme de Poudlard, ancienne étudiante de Serdaigle Mimi Geignarde
37%
Élève de Serdaigle, membre du club de Slug, de un an l'aîné de Harry Belby Marcus
36%
Élève de Serpentard plus âgé que Harry, il est capitaine de l'équipe de quidditch de Serpentard dans les premiers livres Flint Marcus
36%
Élève de Gryffondor, d'un an plus âgé que Harry Potter McLaggen Cormac
36%
Ancien ministre de la Magie Scrimgeour Rufus
36%
Professeur de Défense contre les forces du mal à Poudlard dans Harry Potter à l'école des sorciers Quirrell Quirinus
35%
Élève de Gryffondor et poursuiveuse au quidditch, membre de l'armée de Dumbledore Spinnet Alicia
34%
Crapaud de Neville Trevor
34%
Centaure. Il vit dans la forêt interdite qui borde Poudlard Bane
33%
Un mangemort ayant été jugé, condamné par son propre père et emprisonné à Azkaban Croupton Jr. Bartemius
33%
Aussi appelé Barty, fonctionnaire au ministère de la Magie Croupton Sr. Bartemius
33%
Surtout connu pour ses dragées surprises qui peuvent prendre diverses saveurs Crochue Bertie
32%
Membre de l'Ordre du phénix Fletcher Mondingus
32%
Mère de Voldemort Gaunt Merope
32%
Fille aînée de Bill et Fleur Weasley Victoire
32%
Ancien directeur de Poudlard, il est le prédécesseur de Dumbledore Dippet Armando
31%
Élève de Poufsouffle, membre de l'armée de Dumbledore Finch-Fletchley Justin
31%
Cette femme décrite comme une personne forte au caractère bien trempé élève Neville d'une façon stricte, en l'absence de ses parents Londubat Augusta
31%
Propriétaire original de la Cape d'invisibilité Peverell Ignotus
31%
Pensionnaire d'un orphelinat à Londres Benson Amy
30%
Élève de Serdaigle, elle fut pétrifiée par le Basilic ce qui donna un dur coup à Percy, qui ne croyait pas que l'héritier de Serpentard s'en prendrait à un préfet Deauclaire Pénélope
30%
Mangemort Dolohov Antonin
30%
Elle fut tuée en 1899 accidentellement par sa fille Dumbledore Kendra
30%
En son temps, il fut connu pour avoir agressé trois jeunes Moldus Dumbledore Perceval
30%
Mangemort Carrow Alecto
29%
Mangemort Carrow Amycus
29%
Elle est issue de la famille Black Tonks Andromeda
29%
Il est le grand-père maternel de Voldemort, descendant au sang pur de Salazar Serpentard Gaunt Elvis Marvolo
28%
Élève de Gryffondor elle apparaît dans le chapitre « le récit du prince » du septième roman McDonald Mary
28%
Tient une boutique au chemin de Traverse Ollivander Garrick
28%
Connu dans le monde magique pour avoir écrit un recueil de contes pour enfants Beedle le Barde
27%
Personnage apparaissant dans la série de films Les Animaux fantastiques Bellebosse Mary Lou
27%
Professeur d'études des moldus à Poudlard Burbage Charity
27%
Épouse de Drago Malefoy Greengrass Astoria
27%
Hibou petit duc appartenant à Percy Hermès
27%
Bibliothécaire de Poudlard. Physiquement, elle est décrite comme un "vautour maigre et décharné" Pince Irma
27%
Ancien directeur de Poudlard Black Phineas Nigellus
26%
Élève de Poufsouffle, membre de l'armée de Dumbledore Bones Susan
26%
Personnage apparaissant dans la série de films Les Animaux fantastiques Goldstein Queenie
26%
Personnage apparaissant dans la série de films Les Animaux fantastiques Goldstein Tina
26%
Professeur d'astronomie à Poudlard Sinistra Aurora
26%
Professeur d'histoire de la magie à Poudlard et fantôme Binns Cuthbert
25%
Élève de Serpentard, membre de la Brigade Inquisitoriale Bulstrode Millicent
25%
Membre de l'Ordre du phénix Doge Elphias
25%
Frères de Molly Weasley, membres du premier Ordre du Phénix Fabian
25%
Il parlait le Fourchelang comme son père, aptitude rare héritée des Serpentard Gaunt Morfin
24%
Frères de Molly Weasley, membres du premier Ordre du Phénix Gideon
24%
Mangemort Lestrange Rodolphus
24%
Élève de Gryffondor de deux ans plus jeune que Harry dont elle est amoureuse Vane Romilda
24%
Fils cadet de Bill et Fleur Weasley Louis
24%
Vendeur de glaces sur le chemin de Traverse Fortarôme Florian
23%
Patronne du pub Les Trois Balais à Pré-au-Lard Rosmerta
23%
Fille cadette de Bill et Fleur Weasley Dominique
23%
Père de Sirius et de Regulus Black Orion
22%
Fonctionnaire au ministère de la Magie Hopkrik Mafalda
22%
Personnage apparaissant dans la série de films Les Animaux fantastiques Lestrange Leta
22%
Élève de Poufsouffle, poursuiveur de leur équipe de quidditch après la mort de Cedric Diggory, membre de l'armée de Dumbledore Smith Zacharias
22%
Fille de Percy Weasley Lucy
22%
Cousine de la famille Weasley Weasley Mafalda
22%
Grand-tante de Ron Weasley Muriel
22%
Fille de George Weasley Roxanne
22%
Personnage apparaissant dans la série de films Les Animaux fantastiques Bellebosse Croyance
20%
Élève à Serdaigle, membre de l'armée de Dumbledore Corner Michael
20%
Élève de Serdaigle, membre de l'armée de Dumbledore Goldstein Anthony
20%
Propriétaire original de la Baguette de Sureau Peverell Antioch
20%
Mère de Sirius et de Regulus Black Walburga
19%
Élève de Serdaigle, membre de l'armée de Dumbledore Edgecombe Marietta
19%
Fabricant de baguette magique. Il vit en Europe de l'Est et il est considéré comme l'un des plus grands fabricants de son époque Gregorovitch
19%
Une sorcière qui tient la boutique « prêt-à-porter pour mages et sorciers », située dans le chemin de Traverse Guipure
19%
Personnage apparaissant dans la série de films Les Animaux fantastiques Kowalski Jacob
19%
Propriétaire original de la Pierre de résurrection Peverell Cadmus
19%
Fonctionnaire au ministère de la Magie, ancien joueur professionnel de quidditch Verpey Ludovic
19%
Fonctionnaire au ministère de la Magie Cattermole Reginal
18%
Professeur suppléant de soins aux créatures magiques à Poudlard Gobe-Planche Wilhelmina
18%
Élève de Serpentard en même année que Harry Potter, son père est un Mangemort Nott Theodore Jr.
18%
Un des premiers Mangemorts Nott Theodore Sr.
18%
Fonctionnaire au ministère de la Magie Runcorn Albert
18%
Ancien ministre de la Magie, mangemort Thicknesse Pius
18%
Un des deux frères d'Arthur Weasley Bilius
18%
Membre de l'Ordre du phénix, fonctionnaire au ministère de la Magie Diggle Dedalus
17%
Mangemort Lestrange Rabastan
17%
Professeur d'arithmancie à Poudlard Vector Septima
17%
Fonctionnaire au ministère de la Magie Bones Amelia
16%
Auror, fonctionnaire au ministère de la Magie Dawlish John
15%
Personnage absent de la série romanesque Harry Potter, apparaissant dans le film Les Crimes de Grindelwald Dragonneau Thésée
15%
Élève de Serpentard dans la même année que Harry Potter Greengrass Daphné
15%
Guérisseur stagiaire à Sainte-Mangouste Pye Augustus
15%
Mangemort Rookwood Augustus
15%
Vieille sorcière riche Smith Hepzibah
15%
Élève de Serdaigle, membre de l'armée de Dumbledore Boot Terry
14%
Élève de Serdaigle, capitaine et poursuiveur de leur équipe de quidditch Davies Roger
14%
Elfe de maison de Hepzibah Smith Hokey
14%
Meilleur ami de Dudley Polkiss Piers
14%
Mangemort Rosier Evan
14%
Chef du troupeau des centaures vivant dans la forêt interdite Magorian
13%
Moldu, il est décrit comme ayant un nez crochu et des cheveux noirs Rogue Tobias
13%
Membre de l'Ordre du Phénix depuis son origine Vance Emmeline
13%
Mangemorts Avery Jr.
12%
Un des premiers Mangemorts Avery Sr.
12%
Guérisseuse à l'hôpital Sainte-Mangouste puis directrice de l'école de Poudlard Derwent Dilys
12%
Personnage apparaissant dans la pièce de théâtre Harry Potter et l'enfant maudit en tant que principale antagoniste Diggory Delphi
12%
Membre de l'Ordre du Phénix Jones Hestia
12%
Fonctionnaire au ministère de la Magie Jorkins Bertha
12%
Sorcière de sang-pur Prince Eileen
12%
Ancien Mangemort Black Regulus Arcturus
11%
Sorcière qui se présente à Harry Potter au Chaudron Baveur dans Harry Potter à l'école des sorciers Crockford Doris
11%
Gobelin de la banque Gringotts Bogrod
10%
Capitaine de l'équipe de quidditch les Harpies de Holyhead dans laquelle jouera Ginny Jones Gwenog
10%
Membre de l'Ordre du Phénix McKinnon Marlene
10%
Élève à Poudlard, elle est connue pour avoir énormément de boutons sur le visage Midgen Éloïse
10%
Élève de Gryffondor, batteur de l’équipe de quidditch de Gryffondor durant la cinquième année de Harry Sloper Jack
10%
Père d'Arthur Weasley Septimus
10%
Professeur d'études des runes anciennes à Poudlard Babbling Bathsheba
9%
C'était l'un des fondateurs d'une boutique dans l’Allée des Embrumes Beurk Caractacus
9%
Professeur de soins aux créatures magiques à Poudlard entre 1930 et 1992 Brûlopot Silvanus
9%
Mangemort Macnair Walden
9%
Père de Lucius, mort de la dragoncelle à un âge avancé Malefoy Abraxas
9%
Fonctionnaire au ministère de la Magie Ogden Bob
9%
Membre de l'Ordre du Phénix. Petit sorcier à la mâchoire carrée et aux cheveux jaune paille Podmore Sturgis
9%
Frères de Molly Weasley, membres du premier Ordre du Phénix Prewett
9%
Poursuiveuse de l'équipe de quidditch de Gryffondor dans Harry Potter et le Prince de sang-mêlé Robins Demelza
9%
Élève de Gryffondor, c'est un petit élève avec des oreilles proéminentes Abercrombie Euan
8%
Personnage apparaissant dans le film Les Animaux fantastiques, Directeur du département de la Justice magique du MACUSA et chef de la division des Aurors Graves Percival
8%
Élève de Poudlard, camarade de classe de Mimi Geignarde Hornby Olive
8%
Élève de Gryffondor, il rejoint l'équipe de quidditch de sa maison en tant que batteur à la suite du départ des jumeaux Weasley Peakes Jimmy
8%
Élève de Serpentard, durant la première année de Harry Potter à Poudlard, il est poursuiveur de l'équipe de quidditch de Serpentard Pucey Adrian
8%
Un des premiers Mangemorts Rosier Sr.
8%
Personnage apparaissant dans la série de films Les Animaux fantastiques Bellebosse Modestie
7%
Fonctionnaire au ministère de la Magie, directeur du « bureau de liaison des gobelins » Cresswell Dirk
7%
Élèves de Gryffondor, membres de l'armée de Dumbledore Crivey
7%
Élève de Gryffondor, batteur pour l'équipe de quidditch de Gryffondor après que Fred et George Weasley et Harry Potter ont été exclus de l'équipe par Ombrage Kirke Andrew
7%
Invitée des Dursley dans Harry Potter et la Chambre des secrets Madame Mason
7%
Invité des Dursley dans Harry Potter et la Chambre des secrets Monsieur Mason
7%
Mangemort Travers
7%
Membre de l'Ordre du phénix Bones Edgar
6%
Élève de Gryffondor, il rejoint l'équipe de quidditch en tant que batteur à partir de la sixième année de Harry Coote Richie
6%
Évoqué par Grindelwald dans Les Animaux fantastiques : Les Crimes de Grindelwald Dumbledore Aurelius
6%
Membre de l'Ordre du phénix. Elle habite Wisteria Walk, à Little Whinging, le quartier de la famille Dursley Figg Arabella Dorine
6%
Gobelin employé chez Gringotts Gornuk
6%
Personnage apparaissant dans le film Les Animaux fantastiques : Les Crimes de Grindelwald Kama Yusuf
6%
Personnage apparaissant dans le film Les Animaux fantastiques : Les Crimes de Grindelwald Lestrange Corvus Jr.
6%
Personnage apparaissant dans le film Les Animaux fantastiques : Les Crimes de Grindelwald Lestrange Corvus Sr.
6%
Membre de l'Ordre du Phénix dans les années 1970 Meadowes Dorcas
6%
Employé du ministère de la Magie, Langue-de-Plomb du département des mystères Moroz Broderick
6%
Mangemort Rowle Thorfinn
6%
Rafleur Scabior
6%
Portrait ami de la Grosse Dame Violette
6%
Mangemort, fonctionnaire au ministère de la Magie Yaxley Corban
6%
Élève de Gryffondor Leanne
5%
Fonctionnaire au ministère de la Magie Marchebank Griselda
5%
Acromentule femelle, épouse d'Aragog avec qui elle a fondé une grande famille Mosag
5%
Mangemort Mulciber Jr.
5%
Un des premiers Mangemorts Mulciber Sr.
5%
Professeur de défense contre les forces du mal à Poudlard pendant cinquante ans (de 1894 à 1944) Têtenjoy Galatea
5%
Élève de Serdaigle, il arrive à Poudlard lors de la quatrième année de Harry Potter Ackerley Stewart
4%
Vieux sorcier qui refusa de porter un pantalon sur le terrain de camping de la Coupe du Monde de quidditch Archie
4%
Auteur du livre de Défense contre les Forces du Mal Théorie des stratégies de défense magique Eskivdur Wilbert
4%
Membre de l'Ordre du phénix Fenwick Benjy
4%
Mangemort Gibbon
4%
Il tenta de piéger Neville, pour qu'il montre ses capacités magiques Londubat Algie
4%
Élève de Serpentard, successeur comme capitaine de quidditch Montague Craig
4%
Auteur de Lever le voile du futur Vablatsky Cassandra
4%
Patiente de la salle Janus Thickey à l'Hôpital St-Mangouste Agnès
3%
Élève de Serpentard, batteur de l'équipe de quidditch de Serpentard Bole Lucien
3%
Membre de l'Ordre du Phénix dans les années 1970 Dearborn Caradoc
3%
Ancien directeur de Poudlard parmi les plus célèbres, il possède un portrait à Poudlard et un autre au ministère de la Magie Everard
3%
Auteur de l'ouvrage Le Livre des sorts et des enchantements Fauconnette Miranda
3%
Élève de Serpentard, membre de l'équipe de quidditch de Serpentard au poste d'attrapeur pendant la première année de Harry Higgs Terence
3%
Mangemort Jugson
3%
Personnage apparaissant dans le film Les Animaux fantastiques : Les Crimes de Grindelwald Kama Mustafa
3%
Personnage apparaissant dans la série de films Les Animaux fantastiques Picquery Séraphine
3%
Mangemort Selwyn
3%
Personnage apparaissant dans le film Les Animaux fantastiques Shaw Henry
3%
Propriétaire et barman du Chaudron Baveur Tom le barman
3%
Mangemort Wilkes
3%
Prétendu sorcier d'ascendance moldue Alderton
2%
Un concepteur de balais assez connu Alderton Arkie
2%
Selon la légende, il serait l'un des deux sorciers susceptibles d'avoir pris la Baguette de Sureau à Loxias Arcus
2%
Épouse de Septimus Weasley Black Cidrella
2%
Élève de Serpentard, gardien de l'équipe de quidditch de Serpentard Bletchey Miles
2%
Élève de Serdaigle, poursuiveur de l'équipe de quidditch de Serdaigle Bradley
2%
Élève de Poufsouffle, de trois ans la cadette de Harry Branstone Eleanor
2%
Élève de Serdaigle, elle a le même âge que Harry Brocklehurst Mandy
2%
Élève de Serdaigle, d'un an l'aîné de Harry Carmichael Eddie
2%
Élève de Poufsouffle, il est de trois ans le cadet de Harry Cauldwell Owen
2%
Il est l'un des poursuiveurs de Serdaigle Chambers
2%
Sorcière malade dans le Magicobus, habitant près de Birmingham Dumarais
2%
Elle ne s'est jamais mariée, ayant rompu ses fiançailles avec un sorcier du Service des usages abusifs de la magie Dumbledore Honoria
2%
Employé du ministère de la Magie, chef du bureau de liaison des gobelins Faussecreth Cubert
2%
Ancien directeur de Poudlard, bénéficiant de ce fait d'un portrait dans le bureau directorial Fortescue Dexter
2%
Ministre de la Magie de 1990 à 1996 Fudge Cornelius Oswald
2%
Personnage apparaissant dans le film Les Animaux fantastiques, Gobelin propriétaire du bar clandestin Le Cochon Aveugle Gnarlak
2%
Personnage apparaissant dans le film Les Animaux fantastiques : Les Crimes de Grindelwald, Chasseur de créatures, ennemi de Norbert Dragonneau Grimmson Gunnar
2%
Élève de Serpentard, il remplace Malefoy lors du match de quidditch Gryffondor-Serpentard dans Harry Potter et le Prince de sang-mêlé Harper
2%
Tante d'Albus Dumbledore Honoria
2%
L'auteur de Forces obscures : comment s'en protéger, ancien directeur de Poudlard décédé dans les années 1990 Jentremble Quentin
2%
Personnage apparaissant dans le film Les Animaux fantastiques : Les Crimes de Grindelwald Kama Laurena
2%
Élève de Poufsouffle, de trois ans la cadette de Harry Potter Madley Laura
2%
Ancêtre des Malefoy, a vécu au xviie siècle, rédacteur du Sorcier en guerre, journal anti-moldu Malefoy Brutus
2%
Élève de Gryffondor, de trois ans la cadette de Harry Potter McDonald Natalie
2%
Personnage apparaissant dans le film Les Animaux fantastiques : Les Crimes de Grindelwald Rosier Vinda
2%
Auteur de La Bible du Batteur Scrimgeour Brutus
2%
Personnage apparaissant dans le film Les Animaux fantastiques : Les Crimes de Grindelwald Travers Torquil
2%
Élève de Serpentard, capitaine de l'équipe de quidditch durant la sixième année de Harry Urquhart
2%
Jeune employée de la boutique de farces et attrapes Verity
2%
Élève de Serpentard, il est membre de l'équipe de quidditch de Serpentard au poste de poursuiveur durant la troisième et la cinquième année de Harry Potter Warrington Cassius
2%
Élève de Poudlard de la même époque que le père d'Harry Aubrey Bertram
1%
Auteur de Mille herbes et champignons magiques Augirolle Phyllida
1%
Il est l'auteur de Potions magiques Beaulitron Arsenius
1%
Ancien professeur de botanique à Poudlard Beery Herbert
1%
Employé au ministère de la Magie Bletchley
1%
Auteur du Manuel avancé de préparation des potions Borage Libatius
1%
Élève à Poudlard Davis Tracey
1%
Élève de Serpentard dont il est l'un des batteurs de l'équipe de quidditch Derrick Peregrin
1%
Élève de Poufsouffle Faucett
1%
Employé du ministère de la Magie, membre de la Commission des sortilèges expérimentaux Fripemine Gilbert
1%
Employé du ministère de la Magie, Langue-de-Plomb du département des mystères Funestar
1%
Élève de Gryffondor Hooper Geoffrey
1%
Élève de Poufsouffle Hopkins Wayne
1%
Membre de la famille Weasley Lancelot
1%
Élève à Poudlard de la même année que Harry Potter Moon
1%
Fonctionnaire au ministère de la Magie Ogden Tiberius
1%
Ancien concierge de Poudlard Picott Apollon
1%
Employé au ministère de la Magie Pillsworth Bernie
1%
Guérisseur-en-chef à Sainte-Mangouste Smethwyck Hippocrate
1%
Personnage apparaissant dans le film Les Animaux fantastiques : Les Crimes de Grindelwald Spielman Rudolph
1%
Guérisseuse à Sainte-Mangouste Strout Miriam
1%
Élève de Poufsouffle, qui est durant la cinquième année de Harry l'attrapeur de son équipe de quidditch Summerby
1%
Élève de Poufsouffle Summers
1%
Ancien directeur de Poudlard au xvie siècle Swott Ambrose
1%
Ancien directeur de Poudlard et potionniste mort en 1703 Veridian Vindictus
1%
Auteur de Sorts et contre sorts Viridian Vindictus
1%
Auteur de Le Quidditch à travers les âges Whisp Kennilworthy
1%
Ancien directeur de Poudlard Wilkins Heliotrope
1%
Fonctionnaire au ministère de la Magie Williamson
1%
Ancien ministre de la Magie Stump Grogan
0%
Aucun quiz correspondant
Distribution des résultats
% des personnes avec chaque résultat
Percentile par nombre de réponses
Votre historique - résultats
Vous n’avez pas pris ce quiz